| 000 | 00511cam a2200205ua 4500 | ||
|---|---|---|---|
| 001 | 8574 | ||
| 008 | 150206n ii |||gr||||Z||||||asm | ||
| 020 | _a9789381784082 | ||
| 040 | _cMAIN | ||
| 041 | _aasm | ||
| 082 | _a491.451 | ||
| 100 |
_aNath, D., _eAuthor. |
||
| 245 | 1 |
_aAsomia bhashar prayogik gyan _cBy Dipen Nath |
|
| 250 | _a2nd rev. | ||
| 260 |
_aJorhat: _bBidya bhawan, _c2012. |
||
| 300 | _a350p. | ||
| 653 | _aEast Indo-European & Celtic languages | ||
| 653 | _aAssamese language | ||
| 942 | _cBK | ||
| 999 |
_c7675 _d7675 |
||